000 00657nam a2200265Ia 4500
008 181129s9999 xx 000 0 und d
020 _a0439135036
050 _bP235 1999
100 _aPark, Barbara
245 0 _aJunie B. Jones is (almost) a flower girl /
245 0 _cby Barbara Park ; illustrated by Denise Brunkus.
260 _aNew York, NY :
260 _bScholastic,
260 _c1999
300 _a68 pages :
300 _billustrations ;
300 _c19cm.
440 _aJunie B. Jones ;
440 _v13
500 _a380L
650 _aWeddings.
700 _aBrunkus, Denise.
700 _aSeries.
700 _aTitle.
999 _c360092
_d360092